| LEADER |
00771nam0a2200217 450 |
| 001 |
16834342 |
| 010 |
|
|
|a 978-2-8222-2670-7
|b rel.
|d 14,95
|
| 100 |
|
|
|a 20191213d2026 u u0frey01 ba
|
| 101 |
0 |
|
|a fre
|
| 102 |
|
|
|a FR
|
| 200 |
0 |
|
|a Fils de sorcières
|f l'Hermenier
|g [dessin de] Stedho - d'après le roman de Pierre Bottero
|
| 207 |
|
1 |
|a
|
| 210 |
|
|
|a [Bruxelles]
|c Jungle
|d DL 2019
|
| 215 |
|
|
|a 1 vol. (62 p.)
|c ill. en coul.
|d 30 cm
|
| 225 |
1 |
|
|a Pépite
|
| 700 |
|
0 |
|a L'Hermenier
|b Maxe
|c Auteur du texte
|f 1985-....
|4 70
|
| 702 |
|
0 |
|a Stedho
|f 1974-....
|4 440
|
| 702 |
|
0 |
|a Bottero
|b Pierre
|f 1964-....
|4 100
|
| 900 |
|
|
|a Bande Dessinée enfant ado
|
| 901 |
|
|
|a Accessible au prêt
|
| 995 |
|
|
|a Bibliothèque
|c Bibliothèque
|f 024020551
|h 024020551
|k BD LHE
|o p
|q j
|r az
|e Bibliothèque
|